[Event "Campeonato del Mundo sub-20 2010"]
[Site "Chotowa POL"]
[Date "2010.08.07"]
[Round "5.20"]
[White "Can, Emre"]
[Black "Dragun, Kamil"]
[Result "1/2-1/2"]
[WhiteElo "2477"]
[BlackElo "2379"]
[PlyCount "82"]
[EventDate "2010.08.03"]
[EventType "swiss"]
[EventRounds "13"]
[EventCountry "POL"]
[Source "lmi"]
[SourceDate "2010.08.03"]

1. e4 c5 2. Nf3 d6 3. d4 cxd4 4. Nxd4 Nf6 5. Nc3 Nc6 6. Bg5 Bd7 7. Qd2 h6 8.
Bxf6 gxf6 9. O-O-O Nxd4 10. Qxd4 Qa5 11. f4 Rc8 12. Kb1 Qc5 13. Qd3 Bg7 14. Qg3
Kf8 15. Bb5 Bc6 16. Bxc6 bxc6 17. f5 h5 18. h4 Bh6 19. Qf3 Rb8 20. Rd3 Rg8 21.
Qxh5 Bf4 22. Qf3 Be5 23. g4 Qa3 24. b3 Rb5 25. h5 Kg7 26. Qe3 Rc5 27. Rg1 Kh7
28. Rg2 d5 29. exd5 Rxd5 30. Rxd5 cxd5 31. g5 Rxg5 32. Rxg5 d4 33. Rg7+ Kxg7
34. h6+ Kh7 35. Qg1 Kxh6 36. Qh1+ Kg5 37. Qg2+ Kxf5 38. Qe4+ Kg5 39. Qg2+ Kh6
40. Qh3+ Kg5 41. Qg2+ Kh6 1/2-1/2

[Event "Campeonato del Mundo sub-20 2010"]
[Site "Chotowa POL"]
[Date "2010.08.07"]
[Round "5.21"]
[White "Rasulov, Vugar Ural"]
[Black "Krzyzanowski, Marcin"]
[Result "0-1"]
[WhiteElo "2442"]
[BlackElo "2377"]
[PlyCount "138"]
[EventDate "2010.08.03"]
[EventType "swiss"]
[EventRounds "13"]
[EventCountry "POL"]
[Source "lmi"]
[SourceDate "2010.08.03"]

1. e4 c5 2. Nf3 e6 3. c4 Nc6 4. d4 cxd4 5. Nxd4 Bc5 6. Nb3 Be7 7. Nc3 Nf6 8.
Be2 O-O 9. O-O d6 10. Bf4 a6 11. Qd2 b6 12. Rfd1 Ne5 13. Bg5 Ne8 14. Be3 Qc7
15. Nd4 Nf6 16. f3 Bb7 17. Rac1 Rac8 18. b3 Qb8 19. Bf1 Bd8 20. Kh1 Bc7 21. a4
Kh8 22. b4 Rfd8 23. Bg5 Ned7 24. Qf2 h6 25. Be3 g5 26. Nde2 Rg8 27. Bd4 Kh7 28.
Nb1 Rcf8 29. Nd2 h5 30. Nb3 g4 31. Nc3 Rg6 32. Qe1 h4 33. fxg4 e5 34. Bf2 Nxg4
35. Bxh4 Kg7 36. Nd5 Bxd5 37. cxd5 Rh8 38. Rd3 b5 39. a5 Qa7 40. Rc2 Ndf6 41.
Rh3 Bd8 42. Bd3 Nxh2 43. Bxf6+ Bxf6 44. Kxh2 Rxh3+ 45. gxh3 Bh4 46. Qf1 Qe3 47.
Kh1 Bg3 48. Rg2 Rh6 49. Rg1 Kf8 50. Qf5 Qxd3 51. Nd2 Rg6 52. Rg2 Ke7 53. Qf3
Qxf3 54. Nxf3 Bf4 55. Rxg6 fxg6 56. Kg2 Bc1 57. Ne1 Kf6 58. Kf3 Kg5 59. Nd3 Bd2
60. Ke2 Bc3 61. Kd1 Kh4 62. Kc2 Bd4 63. Nc5 dxc5 64. d6 Be3 65. Kd3 Bh6 66.
bxc5 Bf8 67. d7 Be7 68. c6 Bd8 69. Kc3 Bxa5+ 0-1

[Event "Campeonato del Mundo sub-20 2010"]
[Site "Chotowa POL"]
[Date "2010.08.07"]
[Round "5.23"]
[White "Soors, Stef"]
[Black "Leniart, Arkadiusz"]
[Result "1/2-1/2"]
[WhiteElo "2259"]
[BlackElo "2423"]
[PlyCount "51"]
[EventDate "2010.08.03"]
[EventType "swiss"]
[EventRounds "13"]
[EventCountry "POL"]
[Source "lmi"]
[SourceDate "2010.08.03"]

1. e4 e6 2. d4 d5 3. Nd2 Nf6 4. e5 Nfd7 5. c3 c5 6. Bd3 b6 7. a4 Ba6 8. Bb5
Bxb5 9. axb5 a5 10. f4 f5 11. Ndf3 Be7 12. Ne2 cxd4 13. cxd4 O-O 14. Be3 Ra7
15. Qd3 Re8 16. h3 Nf8 17. g4 g6 18. Kf2 Bb4 19. Kg2 Rg7 20. Bf2 Be7 21. Rhg1
Qd7 22. Kh2 Rc8 23. Rac1 Rxc1 24. Rxc1 Bd8 25. Be3 Qe8 26. g5 1/2-1/2

[Event "Campeonato del Mundo sub-20 2010"]
[Site "Chotowa POL"]
[Date "2010.08.07"]
[Round "5.24"]
[White "Andersen, Mads"]
[Black "Anwesh, Upadhyaya"]
[Result "0-1"]
[WhiteElo "2382"]
[BlackElo "2412"]
[PlyCount "240"]
[EventDate "2010.08.03"]
[EventType "swiss"]
[EventRounds "13"]
[EventCountry "POL"]
[Source "lmi"]
[SourceDate "2010.08.03"]

1. e4 e5 2. Nf3 Nc6 3. Bb5 a6 4. Ba4 d6 5. O-O Nf6 6. Re1 b5 7. Bb3 Be7 8. c3
O-O 9. h3 Nb8 10. d4 Nbd7 11. Nbd2 Bb7 12. Bc2 Re8 13. a4 c5 14. d5 c4 15. b3
cxb3 16. Nxb3 Qc7 17. Bd3 Qxc3 18. Be3 Qc7 19. Rc1 Qb8 20. Na5 Bd8 21. Nc6 Bxc6
22. dxc6 Nf8 23. axb5 axb5 24. Qb3 Ne6 25. Qxb5 Qxb5 26. Bxb5 Bc7 27. Ng5 Nd8
28. Bd2 h6 29. Nf3 Ne6 30. Bc3 Reb8 31. Bc4 Nc5 32. Nd2 Rb6 33. Ra1 Rc8 34. f3
Rxc6 35. Bb4 Bb6 36. Kh2 Ne6 37. Ba6 Rb8 38. Rec1 Rxc1 39. Rxc1 Be3 40. Rc8+
Rxc8 41. Bxc8 Bxd2 42. Bxd2 Nc5 43. h4 Kf8 44. Bh3 Ng8 45. g4 Ne7 46. Bf1 Nc6
47. Kg3 Nd4 48. Bc4 Ke7 49. Kf2 f6 50. h5 Nce6 51. Bxe6 Kxe6 52. Ke3 Nc6 53.
Bc3 Ne7 54. Bb2 Kd7 55. Kd3 Kc6 56. Ba3 Nc8 57. Kc4 Nb6+ 58. Kd3 Nc8 59. Kc4
Na7 60. Bc1 Nb5 61. Bb2 Nc7 62. Kd3 Kd7 63. Ke3 Ke6 64. Ba3 Nb5 65. Bb2 Na7 66.
Ba1 Nc8 67. Kd3 Ne7 68. Bb2 Nc8 69. Ba1 Nb6 70. Bb2 Kd7 71. Ba3 Kc6 72. Bb4 Nd7
73. Ke3 Nc5 74. Ba3 Ne6 75. Bb2 Nf4 76. Ba3 Kd7 77. Bb2 Ke6 78. Ba3 d5 79.
exd5+ Kxd5 80. Bf8 Ne6 81. Ba3 f5 82. gxf5 Nd4 83. Kf2 Nxf5 84. Kg2 Ke6 85. Kh3
Ne3 86. Bc5 Nd5 87. Kg4 Nf6+ 88. Kh4 Nd7 89. Be3 Kf5 90. Bc1 Nc5 91. Be3 Ne6
92. Bd2 Nc5 93. Be3 Nb3 94. Kg3 Nd4 95. Bd2 Ne6 96. Kh4 Nf8 97. Be3 Nd7 98. Bc1
Nb6 99. Be3 Nc4 100. Bc1 Kf6 101. Kg3 Kf5 102. Kh4 Nd6 103. Bd2 Nb5 104. Kh3
Nd4 105. Kg3 Ne2+ 106. Kh4 Nf4 107. Bc1 Nd5 108. Bd2 Ke6 109. Kg4 Nf6+ 110. Kh4
Kf5 111. Be3 Nh7 112. Bd2 Ng5 113. Bxg5 hxg5+ 114. Kg3 g4 115. fxg4+ Kg5 116.
Kh3 Kf4 117. Kh4 e4 118. g5 e3 119. h6 e2 120. Kh5 gxh6 0-1

[Event "Campeonato del Mundo sub-20 2010"]
[Site "Chotowa POL"]
[Date "2010.08.07"]
[Round "5.25"]
[White "Pavlidis, Anastasios"]
[Black "Diamant, Andre"]
[Result "0-1"]
[WhiteElo "2359"]
[BlackElo "2518"]
[PlyCount "80"]
[EventDate "2010.08.03"]
[EventType "swiss"]
[EventRounds "13"]
[EventCountry "POL"]
[Source "lmi"]
[SourceDate "2010.08.03"]

1. e4 c5 2. Nf3 d6 3. d4 cxd4 4. Nxd4 Nf6 5. Nc3 Nc6 6. Bg5 e6 7. Qd2 Be7 8.
O-O-O a6 9. Bxf6 gxf6 10. f4 Qb6 11. f5 Qxd4 12. Qxd4 Nxd4 13. Rxd4 Bd7 14. Be2
h5 15. g4 hxg4 16. Bxg4 Bf8 17. Kb1 Rd8 18. h3 Ke7 19. Ne2 Bh6 20. Rb4 b5 21.
Rb3 Rc8 22. Rd1 Rcd8 23. Rh1 Rc8 24. Rd1 Bc6 25. Nd4 Bxe4 26. Re1 d5 27. fxe6
fxe6 28. Bxe6 Rxc2 29. Nxc2 Kxe6 30. Ra3 Rc8 31. Re2 Kf5 32. Rf2+ Ke5 33. Rc3
Rg8 34. b4 Rg1+ 35. Kb2 f5 36. Rc6 Bc1+ 37. Kb3 Rg3+ 38. Rc3 d4 39. Nxd4 Rxc3+
40. Kxc3 Be3 0-1

[Event "Campeonato del Mundo sub-20 2010"]
[Site "Chotowa POL"]
[Date "2010.08.07"]
[Round "5.27"]
[White "Wieczorek, Oskar"]
[Black "Grandelius, Nils"]
[Result "0-1"]
[WhiteElo "2316"]
[BlackElo "2505"]
[PlyCount "58"]
[EventDate "2010.08.03"]
[EventType "swiss"]
[EventRounds "13"]
[EventCountry "POL"]
[Source "lmi"]
[SourceDate "2010.08.03"]

1. e4 e5 2. Nf3 Nc6 3. Bb5 a6 4. Ba4 Nf6 5. O-O Be7 6. Re1 b5 7. Bb3 d6 8. a4
Bg4 9. c3 O-O 10. h3 Bxf3 11. Qxf3 Na5 12. Ba2 b4 13. cxb4 Nc6 14. Qc3 Qd7 15.
Na3 d5 16. b5 Nd4 17. exd5 Nxd5 18. Bxd5 Qxd5 19. d3 axb5 20. axb5 Ra4 21. Bd2
Bd6 22. Rad1 Rfa8 23. Re3 h6 24. Bc1 f5 25. Nc2 f4 26. Ree1 Nxb5 27. Qd2 f3 28.
b4 Ra2 29. Ne3 Qb3 0-1

[Event "Campeonato del Mundo sub-20 2010"]
[Site "Chotowa POL"]
[Date "2010.08.07"]
[Round "5.28"]
[White "Durarbeyli, Vasif"]
[Black "Zhou, Yang-Fan"]
[Result "1-0"]
[WhiteElo "2501"]
[BlackElo "2348"]
[PlyCount "105"]
[EventDate "2010.08.03"]
[EventType "swiss"]
[EventRounds "13"]
[EventCountry "POL"]
[Source "lmi"]
[SourceDate "2010.08.03"]

1. e4 c5 2. Nf3 e6 3. Nc3 Nc6 4. g3 d5 5. exd5 exd5 6. Bg2 d4 7. Ne4 f5 8. Neg5
Qe7+ 9. Kf1 h6 10. Nh3 g5 11. Nhg1 Nf6 12. d3 Bg7 13. Qe2 Be6 14. Bd2 Bd5 15.
Re1 Qxe2+ 16. Rxe2+ Kd8 17. h4 g4 18. Ne5 Re8 19. Bxd5 Nxd5 20. Nxc6+ bxc6 21.
Rxe8+ Kxe8 22. Ne2 Rb8 23. b3 Nb4 24. Kg2 a5 25. Nf4 Kf7 26. a3 Nxc2 27. Rc1
Nxa3 28. Rxc5 Rxb3 29. Rxf5+ Kg8 30. Rxa5 Nb5 31. Ra8+ Kh7 32. Rd8 Rb2 33. Ba5
Nc3 34. Rd7 Kg8 35. Ne6 Be5 36. Nxd4 Nd1 37. Be1 Ne3+ 38. Kh2 Bxd4 39. Rxd4 Re2
40. Re4 Rxe1 41. Rxe3 Rd1 42. Re4 h5 43. Re5 Rxd3 44. Rxh5 Kf7 45. Rf5+ Ke6 46.
Rf4 Rf3 47. Rxf3 gxf3 48. Kg1 Kf5 49. h5 c5 50. Kf1 c4 51. Ke1 c3 52. Kd1 Kg5
53. Kc2 1-0

[Event "Campeonato del Mundo sub-20 2010"]
[Site "Chotowa POL"]
[Date "2010.08.07"]
[Round "5.29"]
[White "Cori, Tello Jorge Moises"]
[Black "Kriebel, Tadeas"]
[Result "1-0"]
[WhiteElo "2486"]
[BlackElo "2320"]
[PlyCount "65"]
[EventDate "2010.08.03"]
[EventType "swiss"]
[EventRounds "13"]
[EventCountry "POL"]
[Source "lmi"]
[SourceDate "2010.08.03"]

1. d4 Nf6 2. Nf3 g6 3. c4 Bg7 4. Nc3 O-O 5. g3 d6 6. Bg2 Nc6 7. O-O a6 8. h3
Bd7 9. e4 e5 10. dxe5 dxe5 11. Re1 Rb8 12. Nd5 Nxd5 13. exd5 Na5 14. Bf1 b5 15.
c5 Nc4 16. b3 e4 17. Nd4 e3 18. fxe3 Ne5 19. Bg2 h5 20. e4 h4 21. g4 Nxg4 22.
hxg4 h3 23. Bf3 Qh4 24. Be3 Bxg4 25. Kh1 f5 26. Rg1 h2 27. Rg2 Bh3 28. Rxg6
fxe4 29. Bg2 Rf6 30. Rg5 Rbf8 31. Ne6 Bxe6 32. dxe6 Rxe6 33. Qd7 1-0

[Event "Campeonato del Mundo sub-20 2010"]
[Site "Chotowa POL"]
[Date "2010.08.07"]
[Round "5.30"]
[White "Potapov, Pavel"]
[Black "Schiendorfer, Emanuel"]
[Result "1/2-1/2"]
[WhiteElo "2445"]
[BlackElo "2305"]
[PlyCount "49"]
[EventDate "2010.08.03"]
[EventType "swiss"]
[EventRounds "13"]
[EventCountry "POL"]
[Source "lmi"]
[SourceDate "2010.08.03"]

1. e4 c5 2. c3 d5 3. exd5 Qxd5 4. d4 Nf6 5. Nf3 Nc6 6. Be2 e6 7. O-O cxd4 8.
cxd4 Be7 9. Nc3 Qd6 10. Be3 O-O 11. a3 b6 12. Qc2 Bb7 13. Rfd1 Rac8 14. Rac1
Qb8 15. Bd3 h6 16. Qe2 Rfd8 17. Bc2 Bf8 18. h3 Ne7 19. Ne5 Ned5 20. Nxd5 Bxd5
21. f4 Qb7 22. f5 exf5 23. Bxf5 Rxc1 24. Rxc1 Be4 25. Rf1 1/2-1/2

[Event "Campeonato del Mundo sub-20 2010"]
[Site "Chotowa POL"]
[Date "2010.08.07"]
[Round "5.31"]
[White "Tran, Ngoc Lan"]
[Black "Arnold, Marc Tyler"]
[Result "1-0"]
[WhiteElo "2218"]
[BlackElo "2432"]
[PlyCount "145"]
[EventDate "2010.08.03"]
[EventType "swiss"]
[EventRounds "13"]
[EventCountry "POL"]
[Source "lmi"]
[SourceDate "2010.08.03"]

1. e4 c5 2. Nc3 Nc6 3. g3 g6 4. Bg2 Bg7 5. d3 d6 6. Be3 e6 7. f4 Nge7 8. Nf3
O-O 9. O-O b6 10. d4 Ba6 11. Re1 Rc8 12. Qd2 Qc7 13. Rad1 Na5 14. dxc5 dxc5 15.
e5 Nc4 16. Qc1 Nxe3 17. Qxe3 Rfd8 18. Qf2 Rxd1 19. Rxd1 Rd8 20. Rd2 Rxd2 21.
Qxd2 Nc6 22. Ne4 h6 23. c3 Kf8 24. Ne1 Ne7 25. Nc2 Nc8 26. Na3 Ke7 27. b4 cxb4
28. cxb4 Qd7 29. b5 Bb7 30. Qxd7+ Kxd7 31. Nf6+ Bxf6 32. Bxb7 Be7 33. Bxc8+
Kxc8 34. Nc4 h5 35. Kf2 Kd7 36. Kf3 Kd8 37. Nd2 Bc5 38. Nb3 Bg1 39. Nc1 Bc5 40.
Nd3 Be7 41. Nf2 Kd7 42. Ne4 Kd8 43. g4 hxg4+ 44. Kxg4 Ke8 45. Nf6+ Bxf6 46.
exf6 Kf8 47. Kf3 Ke8 48. h4 Kd7 49. Kg4 Kd6 50. Kg5 e5 51. f5 gxf5 52. Kxf5 Kd5
53. h5 e4 54. Kf4 Kd4 55. h6 e3 56. Kf3 Kd3 57. h7 e2 58. h8=Q e1=Q 59. Qh7+
Kd4 60. Qxf7 Qf1+ 61. Kg4 Qg2+ 62. Kf5 Qe4+ 63. Kg5 Qg2+ 64. Kh6 Qh2+ 65. Kg7
Qg3+ 66. Qg6 Qe5 67. Kh7 Qh2+ 68. Qh6 Qc7+ 69. Kg6 Qc2+ 70. Kg7 Kd5 71. f7 Qc3+
72. Qf6 Qg3+ 73. Qg6 1-0

[Event "Campeonato del Mundo sub-20 2010"]
[Site "Chotowa POL"]
[Date "2010.08.07"]
[Round "5.32"]
[White "Golichenko, Ilija"]
[Black "Arun, Karthik Ravichandra"]
[Result "1-0"]
[WhiteElo "2419"]
[BlackElo "2289"]
[PlyCount "81"]
[EventDate "2010.08.03"]
[EventType "swiss"]
[EventRounds "13"]
[EventCountry "POL"]
[Source "lmi"]
[SourceDate "2010.08.03"]

1. d4 Nf6 2. c4 e6 3. Nc3 Bb4 4. e3 d5 5. a3 Bxc3+ 6. bxc3 O-O 7. cxd5 exd5 8.
Bd3 b6 9. Ne2 Ba6 10. Bxa6 Nxa6 11. Qd3 Nb8 12. O-O Nbd7 13. f3 Re8 14. Ng3 h5
15. Ra2 c5 16. Re2 Rc8 17. Nf5 Re6 18. e4 cxd4 19. cxd4 g6 20. Nh6+ Kg7 21. Bg5
Qc7 22. e5 Ng8 23. Nxg8 Kxg8 24. Rc1 Qb7 25. Rec2 Rxc2 26. Qxc2 Re8 27. f4 Nf8
28. f5 Qd7 29. Rf1 gxf5 30. Bf6 Ng6 31. Qd1 Rc8 32. Qxh5 Kf8 33. h4 Ke8 34. Qg5
Nf8 35. h5 Qa4 36. Kh1 Qxd4 37. Qxf5 Qc4 38. h6 d4 39. Rd1 Qe6 40. Qe4 Qc4 41.
h7 1-0

[Event "Campeonato del Mundo sub-20 2010"]
[Site "Chotowa POL"]
[Date "2010.08.07"]
[Round "5.33"]
[White "Pacher, Milan"]
[Black "Sagar, Shah Dharmendra"]
[Result "1/2-1/2"]
[WhiteElo "2417"]
[BlackElo "2285"]
[PlyCount "44"]
[EventDate "2010.08.03"]
[EventType "swiss"]
[EventRounds "13"]
[EventCountry "POL"]
[Source "lmi"]
[SourceDate "2010.08.03"]

1. d4 Nf6 2. c4 e6 3. Nf3 b6 4. Nc3 Bb7 5. a3 d5 6. Qc2 dxc4 7. e4 Nc6 8. Be3
Na5 9. Ne5 Be7 10. f3 O-O 11. Nxc4 Nxc4 12. Bxc4 Qc8 13. Qf2 Ba6 14. Qe2 Bxc4
15. Qxc4 c5 16. dxc5 Nd7 17. Na4 Rb8 18. Qc2 b5 19. Nc3 Bxc5 20. Bxc5 Qxc5 21.
Qf2 Qc4 22. Ne2 Ne5 1/2-1/2

[Event "Campeonato del Mundo sub-20 2010"]
[Site "Chotowa POL"]
[Date "2010.08.07"]
[Round "5.34"]
[White "Fernandez, Daniel Howard"]
[Black "Pagerka, Martin"]
[Result "1/2-1/2"]
[WhiteElo "2401"]
[BlackElo "2215"]
[PlyCount "143"]
[EventDate "2010.08.03"]
[EventType "swiss"]
[EventRounds "13"]
[EventCountry "POL"]
[Source "lmi"]
[SourceDate "2010.08.03"]

1. e4 e5 2. Nf3 Nf6 3. Nc3 Nc6 4. Bb5 Bb4 5. O-O O-O 6. d3 d6 7. h3 h6 8. Be3
Ne7 9. Bc4 c6 10. Bb3 Ng6 11. a4 Re8 12. Na2 Ba5 13. c3 d5 14. exd5 cxd5 15.
Re1 Bc7 16. Nb4 Be6 17. Kf1 a5 18. Nc2 d4 19. Bxe6 dxe3 20. Bc4 exf2 21. Kxf2
Bb6+ 22. d4 e4 23. Nd2 Qd6 24. Ne3 Bc7 25. Ndf1 Qf4+ 26. Kg1 Qg5 27. Qb3 Nf4
28. Kh1 Qg6 29. Qb5 Nd3 30. Re2 Nh5 31. Qf5 Ng3+ 32. Nxg3 Qxg3 33. Nf1 Qd6 34.
Rd1 g6 35. Qxf7+ Kh8 36. Qd5 Qxd5 37. Bxd5 Nf4 38. Bc4 Nxe2 39. Bxe2 e3 40. Re1
Re7 41. Kg1 h5 42. Bf3 Bf4 43. Re2 Rc8 44. Nd2 b6 45. Nb1 Bd6 46. Kf1 Kg7 47.
Ke1 Kf6 48. Kd1 Kf5 49. Kc2 Kf4 50. Kd3 Ree8 51. b3 Rc7 52. Re1 Bf8 53. Re2 Re6
54. Bd5 Re8 55. Bf3 Rcc8 56. Re1 Bd6 57. Re2 Re7 58. Kc2 Rh8 59. Kd3 g5 60. Bd5
g4 61. hxg4 hxg4 62. c4 Bb4 63. Nc3 Bxc3 64. Kxc3 g3 65. Re1 e2 66. Kd2 Re3 67.
Rxe2 Rxb3 68. Re4+ Kf5 69. Re5+ Kf4 70. Re4+ Kf5 71. Re5+ Kf4 72. Re4+ 1/2-1/2

[Event "Campeonato del Mundo sub-20 2010"]
[Site "Chotowa POL"]
[Date "2010.08.07"]
[Round "5.35"]
[White "Bobula, Mateusz"]
[Black "Aguirre Manzo, Leopoldo Antonio"]
[Result "1-0"]
[WhiteElo "2387"]
[BlackElo "2203"]
[PlyCount "67"]
[EventDate "2010.08.03"]
[EventType "swiss"]
[EventRounds "13"]
[EventCountry "POL"]
[Source "lmi"]
[SourceDate "2010.08.03"]

1. d4 Nf6 2. c4 g6 3. Nf3 Bg7 4. g3 O-O 5. Bg2 d6 6. O-O c6 7. Nc3 Qa5 8. h3
Nbd7 9. e4 e5 10. Re1 Re8 11. d5 cxd5 12. cxd5 b5 13. a3 a6 14. Be3 Qc7 15. Nd2
Nb6 16. Rc1 Qb7 17. Bf1 Bd7 18. b4 Rac8 19. Nb3 Rxc3 20. Rxc3 Nxe4 21. Rc1 Nxd5
22. Bg2 f5 23. Nd2 Nxe3 24. Rxe3 d5 25. Nxe4 fxe4 26. Rec3 Be6 27. Rc7 Qb6 28.
R1c6 Qd4 29. Qc1 Qd3 30. Rxa6 h6 31. Raa7 Bf8 32. Qc6 e3 33. Qxe8 exf2+ 34. Kh2
1-0

[Event "Campeonato del Mundo sub-20 2010"]
[Site "Chotowa POL"]
[Date "2010.08.07"]
[Round "5.36"]
[White "Arenas Vanegas, David"]
[Black "Guo-yuthok, Sherab"]
[Result "1-0"]
[WhiteElo "2364"]
[BlackElo "1975"]
[PlyCount "84"]
[EventDate "2010.08.03"]
[EventType "swiss"]
[EventRounds "13"]
[EventCountry "POL"]
[Source "lmi"]
[SourceDate "2010.08.03"]

1. e4 e5 2. Bc4 Nc6 3. Nf3 Bc5 4. c3 Nf6 5. d3 d6 6. Bb3 Bb6 7. Nbd2 Bg4 8. h3
Bh5 9. Nf1 Qd7 10. g4 Bg6 11. Ng3 O-O-O 12. Qe2 h5 13. g5 h4 14. Nf1 Nh5 15.
Nxh4 Nf4 16. Bxf4 Rxh4 17. Be3 Bh5 18. Qd2 Rh8 19. Bxb6 axb6 20. Qe3 Bg4 21.
Ng3 Rxh3 22. Kd2 Kb8 23. Rxh3 Rxh3 24. Rh1 Rxh1 25. Nxh1 b5 26. a3 Na5 27. Bc2
d5 28. Kc1 d4 29. cxd4 Qxd4 30. Qxd4 exd4 31. b4 Nc6 32. f4 g6 33. Ng3 b6 34.
Bb3 Nd8 35. f5 c5 36. e5 Kc7 37. e6 fxe6 38. fxg6 Nc6 39. g7 Ne7 40. Ne4 Bf5
41. Nf6 Bxd3 42. Bxe6 Kd6 1-0

[Event "Campeonato del Mundo sub-20 2010"]
[Site "Chotowa POL"]
[Date "2010.08.07"]
[Round "5.38"]
[White "Spoelman, Wouter"]
[Black "Posedaru, Bogdan"]
[Result "1-0"]
[WhiteElo "2580"]
[BlackElo "2294"]
[PlyCount "57"]
[EventDate "2010.08.03"]
[EventType "swiss"]
[EventRounds "13"]
[EventCountry "POL"]
[Source "lmi"]
[SourceDate "2010.08.03"]

1. d4 d5 2. c4 e6 3. Nf3 c6 4. Nbd2 f5 5. g3 Nf6 6. Bg2 Bd6 7. O-O O-O 8. Ne5
c5 9. cxd5 exd5 10. Ndf3 Nc6 11. Bf4 cxd4 12. Rc1 Qc7 13. Nxc6 bxc6 14. Nxd4
Bxf4 15. Rxc6 Qb8 16. gxf4 Bd7 17. Rxf6 Rxf6 18. Bxd5+ Kf8 19. e3 Rg6+ 20. Kh1
Rd6 21. Qf3 Rxd5 22. Qxd5 Qe8 23. Rc1 Rb8 24. b3 Rb6 25. Rc7 Qh5 26. Nf3 Be6
27. Qd8+ Qe8 28. Qxe8+ Kxe8 29. Nd4 1-0

[Event "Campeonato del Mundo sub-20 2010"]
[Site "Chotowa POL"]
[Date "2010.08.07"]
[Round "5.39"]
[White "Simonian, Hrair"]
[Black "Ivanov, Stojan Lubomirov"]
[Result "1-0"]
[WhiteElo "2494"]
[BlackElo "2223"]
[PlyCount "119"]
[EventDate "2010.08.03"]
[EventType "swiss"]
[EventRounds "13"]
[EventCountry "POL"]
[Source "lmi"]
[SourceDate "2010.08.03"]

1. e4 c5 2. Nc3 d6 3. Nf3 Nf6 4. d4 cxd4 5. Nxd4 a6 6. a4 e5 7. Nf3 Be7 8. Bc4
O-O 9. O-O Be6 10. Qd3 Qc8 11. Nd5 Bxd5 12. Bxd5 Nbd7 13. Re1 Nxd5 14. Qxd5 Nb6
15. Qd3 Qe6 16. Be3 Nc4 17. b3 Nxe3 18. Rxe3 g6 19. Rd1 Rac8 20. Re2 Kh8 21.
Nd2 f5 22. f3 Rc5 23. Nc4 Rfc8 24. Nb6 Rf8 25. Nd5 Bg5 26. c4 fxe4 27. Qxe4 Qf7
28. Nc3 Rc6 29. Qd5 Bd8 30. a5 Qc7 31. Ne4 Qxa5 32. Nxd6 Qxd5 33. Rxd5 Bc7 34.
Ne4 Rc8 35. Kf1 b5 36. cxb5 axb5 37. Rxb5 Bb6 38. Rxe5 Rc1+ 39. Re1 R1c2 40.
Rd5 Rb2 41. Nd2 Kg8 42. Re6 Rcc2 43. Rxb6 Rxd2 44. Rxd2 Rxd2 45. Rb7 Rb2 46. b4
h5 47. b5 Kf8 48. b6 Ke8 49. Rb8+ Kf7 50. b7 Kg7 51. g3 Kh7 52. f4 Kg7 53. Ke1
Kh7 54. h3 Kg7 55. g4 hxg4 56. hxg4 Kh7 57. f5 gxf5 58. gxf5 Kg7 59. f6+ Kf7
60. Rh8 1-0

[Event "Campeonato del Mundo sub-20 2010"]
[Site "Chotowa POL"]
[Date "2010.08.07"]
[Round "5.41"]
[White "Fodor, Tamas Jr"]
[Black "Green, Andrew D"]
[Result "1/2-1/2"]
[WhiteElo "2452"]
[BlackElo "2172"]
[PlyCount "52"]
[EventDate "2010.08.03"]
[EventType "swiss"]
[EventRounds "13"]
[EventCountry "POL"]
[Source "lmi"]
[SourceDate "2010.08.03"]

1. d4 Nf6 2. c4 c5 3. d5 b5 4. cxb5 a6 5. bxa6 g6 6. Nc3 Bxa6 7. Nf3 d6 8. g3
Bg7 9. Bg2 O-O 10. O-O Nbd7 11. Re1 Qa5 12. Qc2 Rfb8 13. h3 Ne8 14. Bd2 Nc7 15.
Nh2 Nb5 16. Bf1 Nxc3 17. Bxc3 Bxc3 18. bxc3 Qa3 19. Ng4 Nf6 20. Ne3 Rb2 21. Qc1
Bb5 22. c4 Bd7 23. f3 Rxa2 24. Rxa2 Qxa2 25. Kg2 Ra3 26. Rd1 Kg7 1/2-1/2

[Event "Campeonato del Mundo sub-20 2010"]
[Site "Chotowa POL"]
[Date "2010.08.07"]
[Round "5.42"]
[White "Zysko, Jan"]
[Black "Narmontas, Matas"]
[Result "1/2-1/2"]
[WhiteElo "2210"]
[BlackElo "2379"]
[PlyCount "90"]
[EventDate "2010.08.03"]
[EventType "swiss"]
[EventRounds "13"]
[EventCountry "POL"]
[Source "lmi"]
[SourceDate "2010.08.03"]

1. e4 c5 2. Nf3 e6 3. d4 cxd4 4. Nxd4 Qb6 5. Nc3 Bc5 6. Na4 Qa5+ 7. c3 Bxd4 8.
Qxd4 Nf6 9. Nc5 Nc6 10. Qd6 b6 11. Nb3 Nxe4 12. Qxc6 dxc6 13. Nxa5 bxa5 14. Be3
e5 15. O-O-O O-O 16. Bc4 Bf5 17. f3 Nf6 18. Rd6 Rfc8 19. Rhd1 Ne8 20. R6d2 Nc7
21. a4 h5 22. Rd6 Ne8 23. R6d2 Nc7 24. h3 Be6 25. Bxe6 Nxe6 26. Rd7 a6 27. Kc2
Nc7 28. c4 Ne6 29. Rb7 Rcb8 30. Rdd7 Rxb7 31. Rxb7 Kf8 32. b3 Ke8 33. Kd3 f5
34. g4 Rd8+ 35. Ke2 hxg4 36. hxg4 fxg4 37. fxg4 e4 38. Rb6 Kd7 39. Rxa6 Rh8 40.
Rxa5 Rh2+ 41. Kf1 Rh3 42. Kf2 Rh2+ 43. Kf1 Rh3 44. Kf2 Rh2+ 45. Kg3 Re2 1/2-1/2

[Event "Campeonato del Mundo sub-20 2010"]
[Site "Chotowa POL"]
[Date "2010.08.07"]
[Round "5.43"]
[White "Pecha, Tomas"]
[Black "Dimitrov, Pavel"]
[Result "0-1"]
[WhiteElo "2187"]
[BlackElo "2365"]
[PlyCount "76"]
[EventDate "2010.08.03"]
[EventType "swiss"]
[EventRounds "13"]
[EventCountry "POL"]
[Source "lmi"]
[SourceDate "2010.08.03"]

1. e4 e5 2. Nf3 Nc6 3. Bb5 a6 4. Ba4 Nf6 5. O-O b5 6. Bb3 Be7 7. Re1 O-O 8. h3
d6 9. c3 Na5 10. Bc2 c5 11. d4 cxd4 12. cxd4 Qc7 13. Nbd2 Bb7 14. d5 Rac8 15.
Bb1 Nd7 16. Nf1 Rfe8 17. Ng3 Bf8 18. Nf5 g6 19. Nh6+ Kg7 20. Ng5 Qxc1 21. Qxc1
Rxc1 22. Rxc1 Kxh6 23. Nxf7+ Kg7 24. Ng5 Rc8 25. Bd3 Be7 26. Ne6+ Kf7 27. b4
Nc4 28. Bxc4 bxc4 29. a4 a5 30. b5 Nb6 31. Rc3 Nxd5 32. exd5 Bxd5 33. Nf4 exf4
34. Rd1 Be4 35. f3 Bf6 36. Rcc1 Bd3 37. b6 Bd4+ 38. Kh2 Bxb6 0-1

[Event "Campeonato del Mundo sub-20 2010"]
[Site "Chotowa POL"]
[Date "2010.08.07"]
[Round "5.44"]
[White "Gator, Mosab"]
[Black "Lomsadze, Davit"]
[Result "0-1"]
[WhiteElo "2121"]
[BlackElo "2364"]
[PlyCount "46"]
[EventDate "2010.08.03"]
[EventType "swiss"]
[EventRounds "13"]
[EventCountry "POL"]
[Source "lmi"]
[SourceDate "2010.08.03"]

1. e4 e5 2. Nc3 Nc6 3. Nf3 g6 4. d4 exd4 5. Nxd4 Bg7 6. Nxc6 bxc6 7. Bc4 Ne7 8.
Bg5 Rb8 9. Qf3 O-O 10. O-O-O d6 11. h4 Be6 12. Bxe6 fxe6 13. Qh3 Qd7 14. h5
Bxc3 15. Qxc3 Rxf2 16. Bxe7 Qxe7 17. hxg6 Qg5+ 18. Rd2 h6 19. Rhd1 Rbf8 20. b3
Rxd2 21. Qxd2 Qxd2+ 22. Rxd2 c5 23. Kb2 Kg7 0-1